|
|
|
|
| LEADER |
00705cam a2200205 a 4500 |
| 001 |
0000053864 |
| 005 |
20010806090000.0 |
| 040 |
|
|
|a mod
|
| 041 |
|
|
|a eng
|
| 020 |
0 |
0 |
|a 9839927329
|
| 090 |
0 |
0 |
|a 340.59
|b HUK
|
| 245 |
0 |
0 |
|a Hukum Islam semasa
|b bagi masyarakat Malaysia yang membangun
|c penyunting Dr. Abdul Karim Ali dan Raihanah Hj. Azahari
|
| 260 |
0 |
0 |
|a Shah Alam
|b Akademi Pengajian Islam
|c 1997
|
| 300 |
0 |
0 |
|a ix, 284p.
|b ill.
|c 24cm
|
| 650 |
0 |
0 |
|a Islamic law
|z Malaysia
|x Congresses
|
| 700 |
1 |
1 |
|a Abdul Karim Ali
|f Dr
|
| 700 |
1 |
1 |
|a Raihanah Haji Azahari
|
| 710 |
0 |
0 |
|a Seminar Hukum Islam Semasa Peringkat Kebangsaan
|
| 852 |
0 |
0 |
|a 01
|
| 999 |
|
|
|a 0172045
|b KEMENTAH
|d BOOKS
|e Umum
|f Perpustakaan KEMENTAH
|j AVAILABLE
|q GOOD CONDITION
|